Les participants à l'Eurovision 2025 en images - Statistiques

Statistiques générales
  • Ce quiz a été pris 88 fois
  • Le résultat moyen est 23 sur 37
Statistiques - réponses
Par images Réponse % Correct
Louane 🇫🇷
96%
JJ 🇦🇹
88%
Claude 🇳🇱
83%
KAJ 🇸🇪
83%
Tommy Cash 🇪🇪
82%
Zoë Më 🇨🇭
81%
Kyle Alessandro 🇳🇴
78%
Go-Jo 🇦🇺
75%
Sissal 🇩🇰
74%
VÆB 🇮🇸
74%
Lucio Corsi 🇮🇹
71%
Melody 🇪🇸
71%
Red Sebastian 🇧🇪
71%
Remember Monday 🇬🇧
69%
Laura Thorn 🇱🇺
68%
PARG 🇦🇲
67%
Miriana Conte 🇲🇹
64%
NAPA 🇵🇹
63%
EMMY 🇮🇪
61%
Erika Vikman 🇫🇮
61%
Gabry Ponte 🇸🇲
57%
Klavdia 🇬🇷
57%
Klemen 🇸🇮
57%
Katarsis 🇱🇹
56%
Theo Evan 🇨🇾
56%
Princ 🇷🇸
53%
Abor & Tynna 🇩🇪
51%
ADONXS 🇨🇿
51%
Yuval Raphael
50%
Tautumeitas 🇱🇻
49%
Ziferblat 🇺🇦
49%
Mamagama 🇦🇿
43%
Marko Bošnjak 🇭🇷
42%
Nina Žižić 🇲🇪
42%
Shkodra Elektronike 🇦🇱
40%
Justyna Steczkowska 🇵🇱
33%
Mariam Shengelia 🇬🇪
32%
Aucun quiz correspondant
Distribution des résultats
% des personnes avec chaque résultat
Percentile par nombre de réponses
Votre historique - résultats
Vous n’avez pas pris ce quiz